000 00475nam a2200169Ia 4500
003 OSt
005 20260311111729.0
008 211028s2013 xx 000 0 und d
040 _cAIMIT LIBRARY
041 _aeng
100 _aMathias, Veena Victor; Vanitha, T.
_g101747
_93869
110 _aAravind Prabhu
_93870
245 _aTulip data city data center operations /
260 _aBangalore
_c2013
710 _aPh Software Solutions Pvt. Ltd.
_93871
942 _2ddc
_cPRO
999 _c217378
_d217378